| 000 | 00479nam a2200193Ia 4500 | ||
|---|---|---|---|
| 003 | OSt | ||
| 005 | 20221122090852.0 | ||
| 008 | 210210b1985 xxu||||| |||| 00| 0 eng d | ||
| 040 | _cAL | ||
| 041 | _aEnglish | ||
| 082 | _a951.03 SHIH | ||
| 100 |
_aSHIV KUMAR and JAIN (S). _963034 |
||
| 245 | _aHistory of modern China (1839-1980) | ||
| 260 |
_aNew Delhi _bS. Chand & Co. Ltd _c1985 |
||
| 300 | _a177 | ||
| 690 |
_aAsian History _963035 |
||
| 906 | _a047202 | ||
| 942 |
_2ddc _cBK |
||
| 999 |
_c96090 _d96090 |
||